01233nam a2200313 a 4500001001200000003000800012006001900020007001500039008004100054010001700095020002700112040002100139035002000160050002500180082001400205100002000219245008400239260003400323300002300357490004300380504006600423533015200489650003100641655002900672700003100701710001700732830004400749856012600793ebr10003036CaPaEBRm u cr cn|||||||||990212s1999 nyua sb 001 0 eng  z 99013263  z0387987932 (hardcover) aCaPaEBRcCaPaEBR a(OCoLC)5484929714aQA402.5b.N62 1999eb04a519.32211 aNocedal, Jorge.10aNumerical optimizationh[electronic resource] /cJorge Nocedal, Stephen Wright. aNew York :bSpringer,cc1999. axx, 636 p. :bill.1 aSpringer series in operations research aIncludes bibliographical references (p. [611]-623) and index. aElectronic reproduction.bPalo Alto, Calif. :cebrary,d2013.nAvailable via World Wide Web.nAccess may be limited to ebrary affiliated libraries. 0aMathematical optimization. 7aElectronic books.2local1 aWright, Stephen J.,d1960-2 aebrary, Inc. 0aSpringer series in operations research.40uhttp://site.ebrary.com/lib/rucke/Doc?id=10003036zAn electronic book accessible through the World Wide Web; click to view